000 00442nam a2200169 i 4500
001 bg
100 1 _aMEUŚ, W.
245 0 _aRoboty murowe betonowe i zduńskie :
_bporadnik murarza wiejskiego /
_cW. Meuś, Z. Witebski, W. Wiater.
250 _aWyd.3 uzup.
260 _aWarszawa,
_c1964.
700 1 _aWITEBSKI, Z.
700 1 _aWIATER, W.
040 _cBPK
041 _apol
942 _cKS
008 s pl f |000 0 pol
999 _c4795
_d4795
856 _uhttp://koha.tu.koszalin.pl/cgi-bin/koha/opac-detail.pl?biblionumber=4795
_yKatalog online BPK